Der Ordinanden Examen Wie es in der Kirchen zu Wittemberg gehalten wird. Darinnen die Summa Christlicher Lere begriffen/ alle Gottfủrchtigen nủtzlich vnd notwendig zu wissen

Podrobná bibliografia
Hlavný autor: Melanchthon, Philipp, 1497-1560 (Autor)
Korporatívny autor: Bärwald, Jakob (Lipsko, Nemecko) (Tlačiar)
Ďalší autori: Bärwald, Jakob, zomrel 1570 (Tlačiar)
Médium: Kniha
Jazyk:nemčina
Fyzický popis:120 listov 8°
Predmet:

MARC

LEADER 00000nam a2200000 4500
001 vtls008865579
003 SK-MaSNL
005 20260301095533.0
008 240226s1550 gw f 000 0 ger
015 |a SNBHFA 
035 |a cpl000126352 
040 |a SNKHF  |b slo  |c SNK  |e rda 
041 0 |a ger 
044 |a gw  |c DE 
072 7 |a 2-1  |x Prirodzená teológia. Náboženská filozofia  |2 konspekt 
080 |a 2‑1  |2 2011 
080 |a 2‑21  |2 2011 
080 |a 2‑273  |2 2011 
100 1 |a Melanchthon, Philipp,  |d 1497-1560  |4 aut  |9 42142 
245 1 4 |a Der Ordinanden Examen  |b Wie es in der Kirchen zu Wittemberg gehalten wird. Darinnen die Summa Christlicher Lere begriffen/ alle Gottfủrchtigen nủtzlich vnd notwendig zu wissen  |c Geschrieben durch herrn Philipp. Melan. 
264 3 |a Gedruckt zu Leipzig  |b durch Jacobum Berwaldt  |c [1565] 
300 |a 120 listov  |c 8° 
336 |a text  |b txt  |2 rdacontent 
337 |a bez média  |b n  |2 rdamedia 
338 |a zväzok  |b nc  |2 rdacarrier 
500 |a Vinety, iniciálky vo voľnom priestore na 5 riadkov 
501 |a Príväzok 1. k: LUTHER, Martin. Chronica des Ehrwirdigen. [Wittenberg]: [Lufft, Hans], 1559.  |5 SNK ID 60583 
504 |a Kustody 
510 4 |a VD 16  |c M/3922 
546 |a Nemčina  |b Fraktúra 
550 |a Rok tlače doplnený z VD 16 
650 0 7 |a teológia  |2 SNKPH  |9 1814 
650 0 7 |a kresťanstvo  |2 SNKPH  |9 2024 
650 0 7 |a náboženstvo  |2 SNKPH  |9 2023 
700 1 |a Bärwald, Jakob,  |d zomrel 1570  |4 prt  |9 126571 
710 0 |a Bärwald, Jakob (Lipsko, Nemecko),  |d 1541-1570  |4 prt  |9 203506 
752 |a Nemecko  |d Lipsko 
852 |a snk  |p ID 60583/prív.1 
958 |a DA 
958 |a ONDV 
999 |c 683439  |d 685369 
952 |t Tlače 16. storočia  |a SNK  |b SNK  |c SNK_HF  |y PREZ  |7 0  |p 17A1358870  |o snkID 60583/prív.1  |i snkF 1810/73  |z 1. príväzok  |0 0  |1 0  |4 0  |d 2021-05-20  |f 1  |l 0  |r 2026-02-23 20:04:02  |w 2026-02-23